| 000 | 00494nam a2200145 4500 | ||
|---|---|---|---|
| 001 | 122455 | ||
| 003 | ES-MaACL | ||
| 007 | t| | ||
| 008 | 070214s1983 sp r ||||1| spa d | ||
| 245 | 0 | 4 |
_aLos pueblos de Almería cantados por sus poetas / _cintroducción y recopilación por Florentino Castañeda y Muñoz. |
| 260 |
_aAlmería : _bDiputación Provincial, _c1983. |
||
| 300 |
_a198 p. ; _c21 cm. |
||
| 700 | 1 |
_aCastañeda y Muñoz, Florentino. _936415 |
|
| 852 |
_aES-MaACL _jL-5157 _bR.105647 |
||
| 999 |
_c122455 _d122455 |
||